000 01548nam a22002297a 4500
999 _c60476
_d60476
003 Ge_BSU
005 20230728153528.0
008 230728s2019ge xxu||||| |||| 00| 0 geo d
020 _a9789941183317
041 _ageo
080 _a811.353.1'221.24'367.625 მ-44
100 _aმახარობლიძე, თამარ, ავტორი.
_919561
245 _aქართული ჟესტური ენის ზმნის მორფოლოგია :
_b[მონოგრაფია] /
_cთამარ მახარობლიძე ; წიგნზე მუშაობდნენ ყრუთა თემის წევრები: თამარ ჯიქიძე, ნათია და ლამარა ჯაფოშვილები.
264 _aთბილისი :
_b ილიას სახელმწ. უნივერსიტეტი,
_c 2019.
300 _a248 გვ. :
_b ილ. ;
_c 25 სმ.
500 _aკვლევა განხორციელდა შოთა რუსთაველის ეროვნული სამეცნიერო ფონდის ფინანსური მხარდაჭერით.
546 _aტექსტის ნაწილი ინგლისურ ენაზე.
653 _aქართული ჟესტური ენის ზმნა.
700 _aჯიქიძე, თამარ [და სხვ]
_919562
773 _tნაჩუქარი
942 _2udc
_cBK